[Event "RUS-chT 03rd"]
[Site "Kazan"]
[Date "1995.??.??"]
[Round "4"]
[White "Landa, Konstantin"]
[Black "Dreev, Alexey"]
[Result "1/2-1/2"]
[WhiteElo "2515"]
[BlackElo "2670"]
[Annotator "Horn,Pe"]
[PlyCount "112"]
[EventDate "1995.??.??"]
[EventType "team-tourn"]
[EventRounds "9"]
[EventCountry "RUS"]
[SourceTitle "CBM 051"]
[Source "ChessBase"]
[SourceDate "1996.04.01"]
[SourceVersion "1"]
[SourceVersionDate "1996.04.01"]
[SourceQuality "1"]
[WhiteTeam "Surgut Fakel-Surgutgazprom"]
[BlackTeam "Kazan Sberbank-Tatarstan"]
[WhiteTeamCountry "RUS"]
[BlackTeamCountry "RUS"]

1. Nf3 {Dolmatov} d5 2. g3 c6 3. Bg2 Bg4 4. O-O Nd7 5. d3 Ngf6 6. Qe1 e5 7. e4
(7. h3 $5 {Dolmatov} Bh5 8. e4) 7... dxe4 8. dxe4 Bc5 9. h3 $6 (9. Nbd2 $14 {
ist die normale Fortsetzung}) 9... Be6 {Diesen Zug kann sich Schwarz hier
erlauben, da Ng5 nicht geht.} (9... Bh5 $6 {Dolmatov} 10. Nh4 $14) 10. b3 {
/\ Ng5} (10. Ng5 $2 {Dolmatov} Bc4 $17) 10... h6 11. Bb2 $146 (11. Kh1) 11...
Qc7 12. Nbd2 g5 $1 {Schwarz will bereits die Schwächen des weißen Aufbaus
nachweisen. Bei entgegengesetzten Rochaden spricht die erfolgte Schwächung 
(><h3) für ihn. Nach dem ruhigen 0-0 könnte Weiß unter Tempoverlust (Qe1-e2)
bekannten Vorbildern folgen. Z.B. in Polugaevsky-Bykhovsky, URS-ch33 Tallinn
1965, wo die Q auf e2 stand und der P auf h2 (beides ist zum Vorteil von Weiß),
arbeitete Weiß mit Nf3-e1-d3 und bereitete allmählich f2-f4 vor.} 13. Kh2 (13.
Qe2 {Dolmatov} g4 14. hxg4 Nxg4 15. Nc4 O-O-O 16. Rad1 Rdg8) 13... O-O-O 14.
Qe2 g4 (14... Ng8 {Dolmatov} 15. Nc4 f6 16. a3 h5 17. b4 Be7 $14) 15. Nh4 h5
16. Rad1 Be7 (16... gxh3 {Dolmatov} 17. Bf3 $14) 17. Nc4 gxh3 18. Bf3 {Der Ph3
soll die h-Linie geschlossen halten und den K schützen.} (18. Bxh3 Ng4+ 19. Kh1
Nxf2+ (19... Bxh4 20. gxh4 Nb6 21. Bxg4 hxg4 22. Bxe5 Rxh4+ 23. Kg2 Bxc4 24.
Rxd8+ Qxd8 25. bxc4 Qg5 26. Bg3 Rh8 27. Rh1 Rxh1 28. Kxh1 $14) 20. Rxf2 Bxh3
21. Rxf7 Bg4 22. Qe1 Bxh4 (22... Bxd1 $2 23. Rxe7 $18) 23. Bxe5 Qxe5 24. Nxe5
Nxe5 25. Rxd8+ Rxd8 26. Rf1 Rd1 27. Qf2 Rxf1+ 28. Qxf1 Bxg3 29. Qf8+ Kc7 30.
Qe7+ Bd7 $17) 18... Rdg8 {/\Ng4} (18... Ng4+ 19. Bxg4 Bxg4 (19... hxg4 {
Dolmatov} 20. Nf5 Bxf5 21. exf5 $16) 20. f3 Be6 (20... Bxh4 21. fxg4 $16) 21.
Nf5 Bxf5 22. exf5 h4 23. g4 f6 (23... e4+ 24. f4) 24. Kxh3) 19. Ne3 (19. Nf5 $2
Bxf5 20. exf5 e4 21. Bxe4 h4 22. Rg1 Ng4+ 23. Kh1 Bc5 $19) 19... Bc5 (19...
Ng4+ {Dolmatov} 20. Bxg4 hxg4 21. Nhf5 Bxf5 22. exf5 Nf6 23. Nc4 $16) 20. Nef5
Nf8 21. Qd2 $5 (21. Kxh3 Ng6) 21... Bxf5 $4 {Dies und die folgenden
haarsträubenden Geschehnisse sind mir nur durch Zeitnot erklärbar.} (21... N6d7
{Dolmatov} 22. b4 $16) (21... Ng6 $5 22. Nxg6 fxg6 23. Nd6+ Bxd6 24. Qxd6 Qxd6
25. Rxd6 Re8 (25... Ng4+ {Dolmatov} 26. Bxg4 Bxg4 27. Bxe5 Rh7 $14) 26. Bxe5
Rhf8 27. Bf4 Ng4+ 28. Bxg4 hxg4 $10) 22. Bxe5 $1 Qb6 (22... Qxe5 23. Qd8#) 23.
Bxf6 $2 (23. Nxf5 N8d7 24. Bd6 Bxd6 25. Qxd6 Re8 {Dolmatov} 26. Ne7+ Kd8 27.
Qxf6 $18) 23... Be6 24. Bxh8 Rxh8 25. c3 (25. Nf5 $5 Bxf5 {Dolmatov} 26. exf5
h4 27. Rfe1 $18) 25... Nd7 26. b4 Be7 27. Qd4 Bf6 (27... Qxd4 $2 {Dolmatov} 28.
cxd4 Bxb4 29. d5) 28. Qxb6 axb6 $44 29. Rc1 (29. Nf5 Bxc3 30. a3 Bb2 31. a4 $18
) 29... Ne5 30. Be2 Ng4+ 31. Kh1 (31. Kxh3 Ne3+ 32. Nf5 Nxf1 33. Bxf1 Bxf5+ 34.
exf5 $14) (31. Bxg4 $5 {Dolmatov} hxg4 32. Nf5 Kc7 33. f3 $14) 31... Kc7 (31...
Bxa2 $5) 32. Rc2 (32. f3 Ne3) 32... Re8 33. Nf3 Bd7 34. Bd3 (34. Ng1 $1 $18)
34... c5 35. bxc5 $2 (35. Ng1 Bc6 (35... h2 $2 36. Nf3) 36. b5 $16) 35... bxc5
36. Bc4 (36. Re2 $5 Bxc3 37. Rc1 Bb4 38. Nd4) (36. Nd2 Bc6 $40) 36... Rxe4 $44
37. Bd5 Bf5 (37... Re7 38. Rfc1) (37... Bc6 38. Bxc6 Kxc6) 38. Rb2 b6 39. Rc1 (
39. Bxe4 $2 Bxe4 $19) 39... Re7 40. Ng1 $2 (40. Kg1 Rd7 41. Bc4 Bd3 $10) 40...
Rd7 (40... h2 $1 41. Nf3 (41. Nh3 Bxc3 $19) 41... Rd7 42. Bc4 (42. Ba8 Rd8 $19)
42... Be4 $19) 41. Bf3 (41. Bc4 h2 42. Nf3 (42. Nh3 Be4+) 42... Be4 $19) 41...
Ne5 $2 (41... h2 42. Ne2 Nxf2+ 43. Kxh2 Nd3 $19) 42. Be2 c4 43. Kh2 Ng4+ 44.
Bxg4 $1 (44. Kxh3 Nxf2+ 45. Kg2 Nd3 46. Bxd3 cxd3 47. Nf3 Be4 $44) 44... hxg4
45. f3 Bg5 (45... Rd3 46. fxg4 Bxg4 47. Nxh3 $10) 46. Rf1 Bd3 47. Re1 Bf6 (
47... f5 $2 {Dolmatov} 48. Re6 $132) 48. Rc1 Bg5 49. Re1 Bg6 $2 (49... Bf6 $10)
50. fxg4 Bd2 51. Rd1 Bxc3 52. Rxd7+ Kxd7 53. Rxb6 Bd2 54. Nf3 (54. Ne2 $5)
54... c3 55. Ne5+ Ke7 56. Rc6 $2 (56. Nxg6+ fxg6 57. Rc6 Kd7 58. Rc4 Kd6 59. a4
Kd5 60. Rc7 Kd4 61. a5 Kd3 62. a6 Be3 63. a7 Bxa7 64. Rxa7 c2 65. Rc7 Kd2 66.
Kxh3 g5 67. Kg2 c1=Q 68. Rxc1 Kxc1 69. Kf3 Kd2 70. Ke4 $18) 56... Bh7 1/2-1/2

[Event "Vinkovci"]
[Site "Vinkovci"]
[Date "1989.??.??"]
[Round "?"]
[White "Strikovic, Aleksa"]
[Black "Klaric, Zlatko"]
[Result "1-0"]
[WhiteElo "2470"]
[BlackElo "2445"]
[Annotator "Horn,Pe"]
[PlyCount "141"]
[EventDate "1989.10.??"]
[EventType "tourn"]
[EventRounds "11"]
[EventCountry "YUG"]
[EventCategory "7"]
[SourceTitle "CBM 016"]
[Source "ChessBase"]
[SourceDate "1990.06.01"]
[SourceVersion "1"]
[SourceVersionDate "1990.06.01"]
[SourceQuality "1"]

1. Nf3 d5 2. g3 g6 3. Bg2 Bg7 4. O-O e5 5. d3 Ne7 6. e4 dxe4 (6... O-O 7. Nc3 (
7. exd5 Nxd5 8. Re1 Nc6 9. Nbd2 Nde7 10. Nc4 f6 11. Bd2 a5 12. a4 Be6 13. Qc1
Qd7 14. b3 g5 15. Bc3 Ng6 16. Nfd2 b6 17. Qd1 Rae8 $15 {Sergievsky-Kortschnoj,
Sochi 1966}) (7. Nbd2 dxe4 8. dxe4 b6 9. b3 a5 10. Bb2 (10. a4 $5) (10. a3 $5)
10... Nbc6 11. Qe2 a4 12. Nc4 Ba6 13. h4 Qc8 14. Rad1 Bb5 15. h5 {
Polugaevsky-Maslov, URS 63} axb3 16. axb3 Ra2 17. Bc3 Qg4 $1 $10) 7... dxe4 8.
dxe4 Nbc6 9. Qxd8 Rxd8 10. Nb5 Rd7 11. Bh3 f5 12. c3 Nd8 13. Re1 c6 14. Na3 Nf7
15. exf5 gxf5 16. Nc4 e4 17. Nh4 Rd5 18. Bf4 $14 {Flesch-Gligoric, Belgrad 64})
7. dxe4 O-O (7... Qxd1 8. Rxd1 Be6 9. Be3 h6 10. a4 Nd7 11. Na3 a6 12. Nd2 Nc6
13. c3 Ke7 $10 {Ivkov-Preissman, Frankreich 89}) 8. Qe2 $14 b6 9. Rd1 Ba6 10.
c4 Qc8 11. b4 Rd8 12. Rxd8+ Qxd8 13. Bb2 Qd6 14. b5 Bc8 15. Ba3 c5 16. Nc3 $1
$16 {><d5} (16. bxc6 Qd8) 16... Bg4 17. Rd1 Qc7 18. Qd3 Nd7 19. h3 Be6 20. Ng5
Nf8 21. Nd5 Qd8 22. f4 Bxd5 23. cxd5 Qd6 24. Nf3 exf4 25. gxf4 (25. e5 Bxe5 26.
Nxe5 Qxe5 27. d6 Rd8 28. gxf4 Qxf4) 25... Rd8 (25... Qxf4 26. d6 Rd8 27. Bc1
Qg3 28. Bg5) 26. Bc1 Ne6 27. Qe3 Qd7 28. Rd2 Nd4 29. a4 f5 30. Ne5 Bxe5 31.
fxe5 fxe4 32. d6 Nef5 33. Qxe4 Re8 34. Bb2 Qe6 35. Bxd4 cxd4 36. Qd5 Qxd5 37.
Bxd5+ Kf8 38. Rc2 d3 39. Rc7 Nxd6 40. exd6 Re1+ 41. Kf2 d2 42. Bb3 d1=Q 43.
Bxd1 Rxd1 44. Rxh7 Rxd6 45. Rxa7 Ke8 46. Ke3 Kd8 47. Rg7 Kc8 48. h4 Rf6 49. Ke4
Kb8 50. Re7 Rf1 51. Re6 Rh1 52. Rxb6+ Ka7 53. Ra6+ Kb7 54. Kd5 Rxh4 55. Kc5 Rf4
56. Rxg6 Rxa4 57. Rg7+ Kc8 58. Kb6 Rb4 59. Rg8+ Kd7 60. Rb8 Rb1 61. Ka7 Rb2 62.
b6 Rb1 63. Rh8 Ra1+ 64. Kb8 Rb1 65. b7 Ra1 66. Rh7+ Kd8 67. Rh5 Kd7 68. Rd5+
Ke7 69. Kc7 Rc1+ 70. Kb6 Rb1+ 71. Kc6 1-0

[Event "Sochi-B"]
[Site "Sochi"]
[Date "1989.??.??"]
[Round "?"]
[White "Tunik, Gennady"]
[Black "Shcherbakov, Ruslan"]
[Result "1/2-1/2"]
[WhiteElo "2470"]
[BlackElo "2360"]
[Annotator "Horn,Pe"]
[PlyCount "142"]
[EventDate "1989.10.??"]
[EventType "tourn"]
[EventRounds "11"]
[EventCountry "URS"]
[EventCategory "7"]
[SourceTitle "CBM 016"]
[Source "ChessBase"]
[SourceDate "1990.06.01"]
[SourceVersion "1"]
[SourceVersionDate "1990.06.01"]
[SourceQuality "1"]

1. Nf3 d5 2. g3 c6 3. Bg2 Bg4 4. d3 Nd7 5. h3 Bxf3 6. exf3 (6. Bxf3 e5 7. Nd2
Ngf6 8. e4 dxe4 9. dxe4 Bc5 10. O-O Qe7 11. c3 O-O $6 (11... a5) 12. b4 $14 {
Botvinnik-Szilagyi, Amsterdam 66}) 6... g6 $1 $10 {N ; auf der langen
Diagonalen wirkt der Läufer am besten.} 7. O-O Bg7 8. f4 e6 9. Nd2 Ne7 10. Nf3
O-O 11. Rb1 Nf5 12. b3 Qb6 13. Kh2 Rad8 14. Bb2 d4 15. Re1 Qc7 16. Qe2 Nb6 17.
Ne5 Nd5 18. Ra1 h5 19. Qe4 c5 20. a4 Rfe8 21. Bc1 f6 22. Nc4 Kh7 23. Bd2 b6 24.
Qe2 Nd6 25. Qf3 f5 26. Re2 Nf7 27. Rae1 Qd7 28. Bf1 a6 29. a5 b5 30. Nb6 Nxb6
31. axb6 Rb8 32. Ba5 Nd8 33. Bg2 b4 34. b7 Nxb7 35. Bb6 Re7 36. Qc6 Qxc6 37.
Bxc6 Nd8 38. Bxd8 Rxd8 39. Rxe6 Rxe6 40. Rxe6 Rf8 41. Bd5 Rd8 42. Bc4 Rd7 43.
Rxa6 Bf8 44. Kg2 Kg7 45. Kf3 Be7 46. g4 hxg4+ 47. hxg4 fxg4+ 48. Kxg4 Rd6 49.
Ra7 Kf6 50. Rc7 Rd8 51. Rc6+ Bd6 52. Ra6 Ke7 53. Ra1 Rf8 54. Re1+ Kd8 55. Re4
Rf6 56. f3 Kd7 57. Bb5+ Kc7 58. Kg5 Rf5+ 59. Kxg6 Rxf4 60. Rxf4 Bxf4 61. Kf5
Bg3 62. Ke6 Bh2 63. Ba4 Bg3 64. Kd5 Kb6 65. Be8 Bh2 66. Bh5 Bg3 67. Ke6 Kc7 68.
Kf5 Kd6 69. f4 Bh2 70. Bf3 Bg3 71. Kg5 Ke7 1/2-1/2

[Event "Bonn GSK"]
[Site "Bonn"]
[Date "1995.??.??"]
[Round "4"]
[White "Maiwald, Jens Uwe"]
[Black "Slobodjan, Roman"]
[Result "1-0"]
[WhiteElo "2455"]
[BlackElo "2465"]
[Annotator "Horn,Pe"]
[PlyCount "67"]
[EventDate "1995.??.??"]
[EventType "tourn"]
[EventRounds "11"]
[EventCountry "GER"]
[EventCategory "8"]
[SourceTitle "CBM 045"]
[Source "ChessBase"]
[SourceDate "1995.04.01"]
[SourceVersion "1"]
[SourceVersionDate "1995.04.01"]
[SourceQuality "1"]

1. Nf3 {VonGleich} d5 2. g3 c6 3. Bg2 Bg4 4. O-O Nd7 5. d4 e6 6. Nbd2 f5 $6 (
6... Ngf6 {Von Gleich}) (6... Bd6) 7. c4 Bd6 8. Qb3 Rb8 (8... Qb6 $2 {Von
Gleich} 9. Qe3 $1 $16 f4 10. gxf4) 9. Re1 $5 $146 (9. cxd5 exd5 10. Qd3 Nh6 11.
Nb3 Qf6 12. Bg5 $16 {Kengis-Hector/Haninge/1992}) (9. Ng5 {Von Gleich geht
leider nicht} Qxg5 10. Ne4 Qe7 11. Nxd6+ Qxd6 12. Bf4 e5 13. dxe5 dxc4) 9...
Qe7 (9... Ngf6 10. Ng5 Qe7 11. f3 Bh5 12. e4 $16) 10. h3 Bh5 11. cxd5 cxd5 12.
g4 $1 Bf7 (12... fxg4 13. hxg4 Bxg4 14. e4 dxe4 {Von Gleich} 15. Nxe4 $44) (
12... Bg6 $2 13. gxf5 Bxf5 14. e4 dxe4 15. Nxe4 $16) 13. gxf5 exf5 14. Nf1 {
/\ Ne3 ><d5,f5} Ngf6 (14... f4 $6 15. e3 Ngf6 16. exf4 Ne4 17. Ne5 $18) 15. Ne3
g6 16. Ng5 Nb6 17. a4 f4 (17... Bb4 18. Nxf7 Kxf7 19. Nxd5 Nbxd5 20. Bxd5+ Nxd5
21. Qxd5+ Kg7 22. Bf4 $18) 18. Nxf7 Kxf7 (18... Qxf7 19. Ng4 Nxg4 20. hxg4 {
/\ a5+-}) 19. Nxd5 Nfxd5 (19... Qe6 {Von Gleich dies mußte versucht werden!}
20. e4 Nbxd5 21. Bd2 Nc7 22. Qxe6+ Nxe6 23. e5 Nxd4 (23... f3 24. Bh1) 24. exd6
Rhe8) 20. a5 Kg7 21. axb6 Nxb6 22. Rxa7 Bb4 23. Bxf4 Bxe1 24. Bxb8 Rxb8 (24...
Bxf2+ {Von Gleich} 25. Kxf2 Qf6+ 26. Ke3) 25. Qxb6 Kh6 (25... Qxe2 26. Qc7+ Kh6
27. Qxb8 $18) 26. Kf1 Bd2 (26... Qg5 {Von Gleich} 27. e3 (27. Ra1) 27... Rf8)
27. Rxb7 Rc8 28. e3 Qf8 29. Ke2 Bc1 30. Be4 Qe8 31. Bd3 Qg8 32. Qf6 Kh5 33.
Qf3+ Kh6 34. Qf4+ 1-0

[Event "RUS-chT 05th"]
[Site "Maikop"]
[Date "1998.06.11"]
[Round "9"]
[White "Lopushnoy, Denis"]
[Black "Dreev, Alexey"]
[Result "0-1"]
[WhiteElo "2390"]
[BlackElo "2630"]
[Annotator "Horn,Pe"]
[PlyCount "128"]
[EventDate "1998.06.03"]
[EventType "team-tourn"]
[EventRounds "11"]
[EventCountry "RUS"]
[SourceTitle "CBM 066"]
[Source "ChessBase"]
[SourceDate "1998.09.30"]
[SourceVersion "1"]
[SourceVersionDate "1998.09.30"]
[SourceQuality "1"]
[WhiteTeam "Novokuznetsk"]
[BlackTeam "Kazan Sberbank-Tatarstan"]
[WhiteTeamCountry "RUS"]
[BlackTeamCountry "RUS"]

1. Nf3 d5 2. g3 Bg4 3. Bg2 Nd7 4. c4 e6 5. cxd5 exd5 6. O-O Ngf6 7. d3 Bc5 8.
Nc3 (8. Qc2 O-O 9. Nbd2 Re8 10. h3 Bh5 11. e4 Bb6 12. b4 dxe4 13. dxe4 Qe7 14.
Nh4 Ne5 $36 {Wirthensohn-Bagirov/Erevan olm/1996}) (8. h3 Bxf3 9. Bxf3 O-O 10.
Nd2 Re8 11. Nb3 Bb6 12. Bd2 Qe7 13. a4 a6 14. Bc3 h5 15. a5 Ba7 16. Ra4 $13 {
Anastasian,A-Rublevsky,S/Erevan olm/1996}) 8... O-O 9. h3 (9. Qb3 Nb6 10. Bg5
Be6 11. Qc2 h6 12. Bf4 c6 13. e4 Nfd7 14. Rad1 Re8 15. h3 Qf6 $132 {Dizdar,
G-Campos,J/Barcelona Vulca/1991}) 9... Bxf3 10. Bxf3 c6 11. Rb1 {[%cal Yb2b4]
Im Prinzip geht es dem Weißen in dieser Variante um e2-e4 (oder sollte es
wenigstens gehen!). Aber ein Vorgehen am Damenflügel paßt sich gut in die
weißen Pläne ein, die darauf zielen, dem Bg2 mehr Einfluß zu verschaffen.} (11.
Bf4 Re8 (11... Qe7 12. Qb3 (12. Rc1 Ne5 13. Bg2 Bd6 14. e4 dxe4 15. dxe4 Rad8
16. Qe2 Bc5 17. Rcd1 h6 18. Kh2 Rxd1 19. Rxd1 g5 20. Bxe5 Qxe5 $14 {Ivanov,
J-Sherbakov,R/Cheliabinsk/1989}) 12... Ne5 13. Bg2 Ng6 14. Bg5 Rab8 15. e4 d4
16. Ne2 h6 17. Bd2 Rfd8 18. Kh2 Qc7 19. f4 $14 {Hadas-Rotman/ISR-ch/1996}) 12.
Qc2 Bd4 (12... d4) 13. Rad1 Ne5 14. Bg2 Ng6 15. Bc1 a5 16. Kh2 h5 17. e4 $14 {
Keene-Darga/England/1971}) (11. Bg2 Re8 12. Kh2 Nf8 13. a3 a5 14. Bd2 b5 15.
Rc1 Qb6 16. e4 dxe4 17. Nxe4 Nxe4 18. Bxe4 $14 {Tseitlin-Mikenas/URS
Spartakiad/1979}) (11. Qc2 Re8 12. e4 dxe4 13. dxe4 Ne5 14. Be2 Qe7 15. Kg2
Ned7 16. Bd3 Bd4 17. Bg5 Nc5 18. Rfe1 Rad8 19. Rad1 h6 20. Bxf6 Qxf6 21. f4
Bxc3 22. bxc3 Qe6 $132 {Ninov-Savchenko/Cap d'Agde op/1994}) 11... Qe7 (11...
a5 12. a3 Qe7 {Gegenüber der Partie sind die zusätzlichen Züge a3/a5 geschehen,
die den Charakter der Stellung nicht grundsätzlich ändern.} 13. e4 dxe4 14.
dxe4 Ne5 15. Bg2 Qe6 16. b4 axb4 17. axb4 Bb6 18. Na4 Rfd8 19. Qc2 Bd4 20. Nc5
Qe7 21. Bf4 h6 22. Nb3 $14 {Sakadin-Landenbergue/Harkany op/1993}) 12. Bg2 (12.
e4 {Über den komplizierten Kampf, der nach diesem thematischen Vorstoß
einsetzt (jetzt oder später), geben die obigen eingefügten Partieanfänge einen
kleinen Einblick. Weiß pocht auf die Majorität im Zentrum und das Läuferpaar,
während Schwarz durch aktives Figurenspiel im Zentrum (gestützt auf die
bessere Entwicklung) seine Chancen sucht.}) 12... Rad8 13. d4 $6 {Weiß mangelt
es an dieser Stelle an strategischem Ehrgeiz: er verliert die Option auf
Pe2-e4 und degradiert dadurch sein Läuferpaar. Dafür erhält er eine feste und
übersichtliche Stellung; ich vermute, daß sich hier Furcht vor dem bekannten
Gegner zeigt.} (13. a3) (13. Qc2) 13... Bd6 14. Bg5 {In der Tat: es ist nicht
leicht zu erkennen, was Weiß mit dem Bc1 sinnvolles organisieren könnte. So
gibt er ihn gegen einen N.} h6 15. Bxf6 Nxf6 16. e3 {In der geschlossenen
Stellung wird es noch lange keine komplizierte Feindberührung geben. Weiß kann
einen Minoritätsangriff versuchen, während Schwarz einen Königsangriff
vorbereiten kann. Mir gefällt hier schon Schwarz besser, da der Bg2 hier zur
reinen Defensivfigur verkommen ist, was man von seinem Kollegen auf d6 nicht
sagen kann.} h5 {[%csl Gd6][%cal Yh5h4]} 17. h4 {Damit sind die Fronten am
Königsflügel abgesteckt: Schwarz kann die weiße Bauernkette durch
Figureneinschläge bedrohen und er kann Pg5 vorbereiten.} g6 {[%cal Yg8g7]} (
17... Bxg3 18. fxg3 Qxe3+ 19. Kh1 Qxg3 20. Qe1) 18. Re1 {unterbindet Bxg3} Kg7
{Wenn Schwarz später die weiße Bauernkette mit g6-g5 sprengen will, gehört ein
R nach h8, um h5-h4 folgen zu lassen.} 19. a3 Ng4 20. Qf3 (20. b4 g5 (20... f5)
21. hxg5 Qxg5 22. Qf3 h4 23. e4) 20... f5 {Verhindert das in der letzten
Variante angegebene Gegenspiel mit eventuellem e3-e4.} 21. Ne2 (21. b4 g5 22.
hxg5 Qxg5 23. b5) 21... a5 {Am Königsflügel hat Weiß die Lage jetzt unter
Kontrolle; da die weißen Figuren vom Damenflügel, kann Schwarz jetzt b2-b4
unterbinden.} 22. Nf4 $11 Rde8 {[%cal Yg4f6,Yf6e4,Yf8h8] Schwarz gruppiert um,
um bei einem Vorstoß Pg6-g5 seine Figuren optimal plaziert zu haben.} 23. Nh3 {
Der Nf4 stand eigentlich optimal und g6-g5 ging sowieso (noch) nicht.} (23.
Rec1) 23... Nf6 (23... f4) 24. Rec1 Ne4 {[%cal Re4d2]} 25. Rc2 Rh8 26. Bf1 (26.
a4) 26... a4 $1 {Nun sind die Bauern (a3,b2) auch fixiert; noch dazu auf der
Farbe des Bd6.} 27. Bd3 Qd8 28. Kg2 Re7 29. Nf4 (29. Qd1 Nxg3 30. fxg3 Rxe3)
29... Rhe8 30. Rh1 Qb6 31. Bxe4 $2 {Das schädigt die Bauernstruktur doch sehr.}
fxe4 {[%csl Rf2]} 32. Qe2 Ra8 {[%cal Ya8a5,Ya5b5] Durch den Abtausch des Bd3
sind jetzt Einbruchspfade am Damenflügel zugänglich geworden.} 33. Rg1 Qd8 34.
Kh3 Qd7+ 35. Kh2 Rf7 36. Rg2 Ra5 37. Rg1 Rb5 38. Nh3 $2 (38. Rc3) 38... Rf3 39.
Ng5 Rf6 40. Nh3 Rb3 {[%csl Gb3][%cal Yf6f3] Der Rb3 verstärkt jetzt auch die
Drohungen am Königsflügel bis an die kritische Grenze.} 41. Nf4 (41. Rcc1 $2
Qg4 $19 {[%csl Rb2][%cal Rg4h4] kombiniert die Drohungen am Damenflügel und am
Königsflügel.}) (41. Rgc1 Rf3 42. Ng5 Bxg3+ $5 43. fxg3 Rbxe3 44. Qd1 (44. Qg2
$2 Rxg3 45. Qf1 Rg4 $1 $19) 44... Rxg3 45. Rc3 Qd6 46. Kh1 Rxc3 $17) (41. Qd1
$5 Rf3 (41... Rd3 42. Rd2 $17) 42. Ng5 $17 {verhindert (vielleicht) den
sofortigen tatktischen Einbruch.}) 41... Bxf4 42. gxf4 (42. exf4 $2 Rxf4 $19 {
ist noch schlimmer}) 42... Rxf4 43. Qxh5 Qd6 (43... Rf6 44. Qe5) 44. Rg3 (44.
Rxg6+ Qxg6 45. Qxg6+ Kxg6 46. exf4 {[%csl Rb2,Rd4,Rf4,Rh4] ist ein (sehr)
schlechtes Turmendspiel. Die weißen Bauern sind alle schwach.}) 44... Rxf2+ 45.
Rxf2 Qxg3+ 46. Kxg3 gxh5 47. Kf4 {Hier hat Weiß einen aktiven K, aber auch
gleich einen P weniger.} Kf6 48. Rg2 (48. Kg3+ Kg6 49. Kf4 Rd3 50. Rg2+ Kf6 {
->Partie}) (48. Re2 {passive Verteidigung hilft nicht.} Rd3 $19 {[%cal Yd3d1,
Yd1g1]}) 48... Rd3 49. Rg5 Rd2 50. Rxh5 Rf2+ 51. Kg4 Rg2+ 52. Kf4 Rf2+ 53. Kg4
Rxb2 54. Rh6+ Kf7 55. h5 Rb3 56. Kf4 (56. Kf5 Kg7 57. Re6 Rxe3 $19) 56... Kg8
57. Rd6 Rxa3 58. Rd7 Rb3 59. h6 Rb1 60. h7+ (60. Kf5 Kh8 $1 (60... a3 61. h7+
Kh8 62. Kg6 $11) (60... Rb6 61. Kg5 $11) 61. Kg6 (61. h7 Rb6 $19 {->Partie})
61... Rg1+ $19 {[%cal Ra4a3]}) 60... Kh8 61. Kg5 Rb6 $1 62. Kg6 c5+ 63. Kf5
cxd4 64. Rxd5 dxe3 0-1

[Event "Zug"]
[Site "Zug"]
[Date "1989.??.??"]
[Round "?"]
[White "Landenbergue, Claude"]
[Black "Thesing, Matthias"]
[Result "1/2-1/2"]
[WhiteElo "2345"]
[BlackElo "2370"]
[Annotator "Horn,Pe"]
[PlyCount "82"]
[EventDate "1989.??.??"]
[EventType "tourn"]
[EventRounds "11"]
[EventCountry "SUI"]
[EventCategory "5"]
[SourceTitle "CBM 016"]
[Source "ChessBase"]
[SourceDate "1990.06.01"]
[SourceVersion "1"]
[SourceVersionDate "1990.06.01"]
[SourceQuality "1"]

1. Nf3 d5 2. g3 Nf6 3. Bg2 g6 4. O-O Bg7 5. d3 O-O 6. Nbd2 Nc6 7. e4 e5 8. c3
h6 (8... a5) 9. Re1 (9. b4 dxe4 10. dxe4 $2 (10. Nxe4 Nd5 11. Bb2) 10... Qd3)
9... Re8 10. exd5 (10. Qc2 Be6 11. b4 a6 12. Bb2 Qd7 13. exd5 Nxd5 14. a3 Rad8
15. Nb3 b6 $10 {Andersson-Unzicker, Krems 67}) (10. b4 $5 a6 11. Bb2 Be6 12. a3
dxe4 13. dxe4 Nd7 14. Qc2 a5 15. Rad1 $14 {Zaitshik-Shidkov, URS 77}) 10...
Nxd5 11. a4 Bf5 $1 (11... a5 12. Nc4 Bf5 13. h3 (13. Qb3 Bxd3 14. Qxb7 e4 15.
Nfd2 Qd7 16. Qb3 Rab8 17. Qd1 f5 $17 {McDonald-Romanishin, Tbilissi 86}) 13...
Nb6 14. Nxb6 cxb6 15. Be3 Bxd3 16. Qb3 Ra6 17. Red1 Qf6 18. Rxd3 e4 19. Rd4
exf3 20. Rf4 Qe7 21. Bf1 $16 {Polugaevsky-Thorsteins, Akureyri 88}) 12. Ne4 (
12. Nc4 Nb6) 12... b6 13. Qc2 Be6 14. Ned2 f5 15. Nc4 Bf7 16. Bd2 Qd7 17. Rad1
a5 18. Bc1 Re7 19. Qb3 Rae8 20. Qb5 Nb8 21. h4 c6 22. Qb3 b5 23. axb5 cxb5 24.
Nxa5 Ne3 25. c4 Nxd1 26. Rxd1 bxc4 27. dxc4 Qc8 28. Be3 Rd7 29. Rc1 e4 30. Ne1
Nc6 31. Nxc6 Qxc6 32. Qb5 Qxb5 33. cxb5 Rb7 34. b6 Reb8 35. Rc6 Be8 36. Rc7
Rxb6 37. Bxb6 Rxb6 38. Nc2 Rxb2 39. h5 g5 40. Ne3 Rb1+ 41. Kh2 Rb5 $17 1/2-1/2